Welcome to the Holygrace Academy Library

Please use search bar below to get started

VIKINGS (Record no. 4971)

MARC details
000 -LEADER
fixed length control field 00313nam a22001457a 4500
020 ## - INTERNATIONAL STANDARD BOOK NUMBER
ISBN 1-8442-2658-1
082 ## - DEWEY DECIMAL CLASSIFICATION NUMBER
Classification number 823
Item number POW/V
100 ## - MAIN ENTRY--AUTHOR NAME
Personal name POWELL, JILLIAN
245 ## - TITLE STATEMENT
Title VIKINGS
260 ## - PUBLICATION, DISTRIBUTION, ETC. (IMPRINT)
Place of publication LONDON
Name of publisher LADYBIRD
300 ## - PHYSICAL DESCRIPTION
Number of Pages 31
520 ## - SUMMARY, ETC.
Summary, etc ENGLISH SHORT STORY
650 ## - SUBJECT ADDED ENTRY--TOPICAL TERM
Topical Term ENGLISH SHORT STORY
Geographic subdivision UK
942 ## - ADDED ENTRY ELEMENTS (KOHA)
Koha item type Books
Holdings
Withdrawn status Lost status Collection code Home library Current library Shelving location Date acquired Source of acquisition Full call number Accession Number Koha item type
    Fiction Main Library Main Library SHELF-3-H-LADYBIRD STORY BOOKS 09/04/2014 PURCHASE 823 POW/V 08528 Books